000 00359nam a22001577a 4500
003 MACL
005 20151206135841.0
008 151206b xxu||||| |||| 00| 0 eng d
040 _cMACL
041 _aEnglish
082 _a741.642
100 _aKhatri,Vikas S.
_97830
245 _aThe Bright Pearl
650 _aChildren's book
_919573
942 _2ddc
_cBK
999 _c51434
_d51434